Estudio nacional de procesos morfodinámicos (Registro nro. 645)

Detalles MARC
000 -CABECERA
Campo de control 00755nam a2200241 a 4500
005 - FECHA Y HORA DE LA ULTIMA TRANSACCION
Campo de control 20200104041513.0
008 - ELEMENTOS DE LONGITUD FIJA—INFORMACION GENERAL
Campo de control 140221b1998 ck ||||| |||| 00| 0 spa d
040 ## - FUENTE DE CATALOGACIÓN
Agencia catalogadora original CO-BoIAVH
Agencia transcriptora CO-BoIAVH
041 ## - IDIOMA
Código de idioma para texto/pista de sonido o título separado Español
044 ## - PAÍS DE PUBLICACIÓN
País de publicación Colombia
090 ## - CLASIFICACIÓN LOCAL
Colección LB
Consecutivo 00629
110 ## - ASIENTO PRINCIPAL--NOMBRE CORPORATIVO
Unidad subordinad Instituto de Hidrología, Meteorología y Estudios Ambientales
245 ## - MENCION DE TITULO
Título Estudio nacional de procesos morfodinámicos
Parte restante del título la erosión, la sedimentación y la estabilidad de la formación superficial en Colombia
260 ## - PUBLICACION, DISTRIBUCION, ETC. (PIE DE IMPRENTA)
Lugar de publicación, distribución, etc. Bogotá
Nombre del editor, distribuidor, etc. IDEAM
Fecha de publicación, distribución, etc. 1998
300 ## - DESCRIPCION FISICA
Extensión 143 p.
650 ## - ASIENTO SECUNDARIO DE MATERIA - TERMINO TEMATICO
Término temático o nombre geográfico como elemento de entrada Erosión
650 ## - ASIENTO SECUNDARIO DE MATERIA - TERMINO TEMATICO
Término temático o nombre geográfico como elemento de entrada Sedimentación
650 ## - ASIENTO SECUNDARIO DE MATERIA - TERMINO TEMATICO
Término temático o nombre geográfico como elemento de entrada Suelos
650 ## - ASIENTO SECUNDARIO DE MATERIA - TERMINO TEMATICO
Término temático o nombre geográfico como elemento de entrada Geomorfología
650 ## - ASIENTO SECUNDARIO DE MATERIA - TERMINO TEMATICO
Término temático o nombre geográfico como elemento de entrada Fisiografía
662 ## - ASIENTO SECUNDARIO DE MATERIA - JERARQUIA DEL NOMBRE DE LUGAR(
País o entidad mayor Colombia
942 ## - ELEMENTOS ADICIONALES (KOHA)
Tipo de ítem Informe Técnico
Sistema de clasificación Local
Existencias
Withdrawn status Lost status Sistema de Clasificación Damaged status No para préstamo Colección Inventariado Ubicación Permanente Ubicación actual Fecha de adquisición Fuente de Valor Total Checkouts Número topográfico Inventario / Código de Barras Date last seen Ejemplar Price effective from Forma de adquisición Tipo de material
    Local     General Inventariado 2017 Bogotá Bogotá 07/01/1998 Leyva, Pablo   LB-00629 000913 04/12/2012 Ej. 1 04/12/2012   Informe Técnico